Kdo ví, kde budu zítra /
Rozhovory s novinářem Tomášem Etzlerem, který vzpomíná na svůj život ve Spojených státech, práci v CNN a především na své působení na pozici zpravodaje České televize v Číně. Rovněž se vyjadřuje k současným společenským i politickým problémům světa.
Uloženo v:
| Hlavní autor: | |
|---|---|
| Další autoři: | , |
| Médium: | E-audiokniha |
| Jazyk: | Czech |
| Vydáno: |
Praha :
Voxi,
[2020]
|
| Témata: | |
| Tagy: |
Žádné tagy |
| LEADER | 03972nim a2200817 i 4500 | ||
|---|---|---|---|
| 001 | 313090 | ||
| 003 | CZ PrSKC | ||
| 005 | 20260601215735.0 | ||
| 007 | sd fungnnmmned | ||
| 008 | 200728t20202020xr nnnng at n cze | ||
| 015 | |a cnb003240037 | ||
| 024 | 3 | |a 8594050430280 | |
| 028 | 0 | 1 | |a 594050430280 |b Voxi |
| 040 | |a ABA001 |b cze |e rda | ||
| 043 | |a e-xr--- | ||
| 045 | |a x8y1 | ||
| 072 | 7 | |a 070 |x Noviny. Tisk. Žurnalistika |2 Konspekt | |
| 072 | 7 | |a 929 |x Biografie |2 Konspekt | |
| 080 | |a 070.42 |2 MRF | ||
| 080 | |a 070.42:654.198 |2 MRF | ||
| 080 | |a 070.42:355.4 |2 MRF | ||
| 080 | |a 929 |2 MRF | ||
| 080 | |a (437.3) |2 MRF | ||
| 080 | |a (047.53) |2 MRF | ||
| 080 | |a (086.7)08 |2 MRF | ||
| 080 | |a (086.76) |2 MRF | ||
| 100 | 1 | |a Šídlo, Jindřich, |d 1972- |7 xx0053666 |4 aut |4 nrt | |
| 245 | 1 | 0 | |a Kdo ví, kde budu zítra / |c Jindřich Šídlo, Tomáš Etzler |
| 264 | 1 | |a Praha : |b Voxi, |c [2020] | |
| 264 | 4 | |c ©2020 | |
| 300 | |a 1 audiodisk (5 hod., 49 min.) ; |c 12 cm | ||
| 306 | |a 054900 | ||
| 336 | |a mluvené slovo |b spw |2 rdacontent | ||
| 337 | |a audio |b s |2 rdamedia | ||
| 338 | |a audiodisk |b sd |2 rdacarrier | ||
| 344 | |a digital |b optical |2 rda | ||
| 347 | |a audio soubor |b MP3 |2 rda | ||
| 500 | |a Název z disku | ||
| 500 | |a Copyright Albatros Media | ||
| 500 | |a Nezkrácená audiokniha ve formátu MP3 | ||
| 500 | |a Podle stejnojmenné knihy vydané nakladatelstvím Vyšehrad v roce 2020 | ||
| 508 | |a Režie Daniel Tůma | ||
| 511 | 0 | |a Autorské čtení | |
| 520 | 2 | |a Rozhovory s novinářem Tomášem Etzlerem, který vzpomíná na svůj život ve Spojených státech, práci v CNN a především na své působení na pozici zpravodaje České televize v Číně. Rovněž se vyjadřuje k současným společenským i politickým problémům světa. |b Jak to dopadne, když si uznávaný komentátor Jindřich Šídlo sedne s Tomášem Etzlerem, spolupracovníkem americké CNN a bývalým reportérem České televize v Číně, a povídají si o novinařině? Co tato profese obnáší dnes, v době Facebooku a Youtube? V čem je americká žurnalistika jiná než evropská, respektive česká? A proč vlastně lidé odcházejí do zahraničí? Dva ostřílení novináři spolu diskutují o řadě vážných i méně vážných témat. Nakladatelská anotace. | |
| 600 | 1 | 7 | |a Etzler, Tomáš, |d 1963- |7 xx0049994 |2 czenas |
| 648 | 7 | |a 20.-21. století |7 ch462155 |2 czenas | |
| 650 | 0 | 7 | |a novináři |7 ph123339 |z Česko |y 20.-21. století |2 czenas |
| 650 | 0 | 7 | |a televizní reportéři |7 ph126517 |z Česko |y 20.-21. století |2 czenas |
| 650 | 0 | 7 | |a váleční zpravodajové |7 ph127337 |z Česko |y 20.-21. století |2 czenas |
| 655 | 7 | |a rozhovory |7 fd133303 |2 czenas | |
| 655 | 7 | |a audioknihy |7 fd119452 |2 czenas | |
| 655 | 7 | |a kompaktní disky |7 fd201991 |2 czenas | |
| 700 | 1 | |a Etzler, Tomáš, |d 1963- |7 xx0049994 |4 aut |4 nrt | |
| 700 | 1 | |a Tůma, Daniel, |d 1978- |7 xx0131764 |4 drt | |
| 900 | |a ABA001 |b 18 | ||
| 044 | |a xr | ||
| 505 | 0 | 0 | |t Z Ostravy do USA 1. cast (33 min., 42 sek.) |
| 505 | 0 | 0 | |t Z Ostravy do USA 2. cast (20 min., 21 sek.) |
| 505 | 0 | 0 | |t Ve sluzbach CNN 1. cast (30 min., 10 sek.) |
| 505 | 0 | 0 | |t Ve sluzbach CNN 2. cast (32 min., 2 sek.) |
| 505 | 0 | 0 | |t Ve sluzbach CNN 3. cast (29 min., 55 sek.) |
| 505 | 0 | 0 | |t Ve sluzbach CNN 4. cast (29 min., 11 sek.) |
| 505 | 0 | 0 | |t Zpravodajem CT v Cine 1. cast (30 min., 52 sek.) |
| 505 | 0 | 0 | |t Zpravodajem CT v Cine 2. cast (26 min., 0 sek.) |
| 505 | 0 | 0 | |t Na volne noze 1. cast (33 min., 42 sek.) |
| 505 | 0 | 0 | |t Na volne noze 2. cast (27 min., 17 sek.) |
| 505 | 0 | 0 | |t Na volne noze 3. cast (33 min., 24 sek.) |
| 505 | 0 | 0 | |t Epilog (22 min., 24 sek.) |
| 910 | |a RBIT002 | ||
| 998 | |d 354322 |a https://core.palmknihy.cz/api/books/354322/cover?sia8t6 |b https://core.palmknihy.cz/api/books/354322/cover/400?sia8t6 |c https://core.palmknihy.cz/api/books/354322/cover/50?sia8t6 |e 2029-12-31 |i 8594050430280 |l 20940 |q 49 |r 1 |s https://www.palmknihy.cz/kniha/354322 |t audiobook |y 2020 |z 0 | ||
| 999 | |d 313088 | ||